Longman dictionary of common errors [intermediate - advanced]
Salvato in:
| Autore principale: | |
|---|---|
| Altri autori: | |
| Natura: | Libro |
| Lingua: | inglese |
| Pubblicazione: |
Harlow
PEARSON
1996
|
| Edizione: | 2nd ed. |
| Soggetti: | |
| Tags: |
Nessun Tag, puoi essere il primo ad aggiungerne!!
|
MARC
| LEADER | 00000nam a2200000 4500 | ||
|---|---|---|---|
| 001 | 0191469 | ||
| 005 | 20221205071628.3 | ||
| 020 | |a 978-0-582-23752-0 | ||
| 041 | 0 | |a eng | |
| 044 | |a GB | ||
| 245 | 1 | 0 | |a Longman dictionary of common errors |b [intermediate - advanced] |c N.D. Turton and J.B. Heaton |
| 250 | |a 2nd ed. | ||
| 264 | 1 | |a Harlow |b PEARSON |c 1996 | |
| 300 | |a 375 s. | ||
| 610 | 2 | 0 | |a jazykoveda |
| 610 | 2 | 0 | |a terminológia |
| 610 | 2 | 0 | |a gramatika |
| 610 | 2 | 0 | |a angličtina |
| 610 | 2 | 0 | |a opravy |
| 610 | 2 | 0 | |a poradenstvo |
| 100 | 1 | |a Turton, N.D. | |
| 700 | 1 | |a Heaton, J.B. | |